All Mumford & Sons Songs - Statistics

General Stats
  • This quiz has been taken 47 times
    12 since last reset
  • The average score is 43 of 94
Answer Stats
album song % Correct
Babel Babel
90%
Sigh No More Sigh No More
90%
The Cave
90%
Delta
80%
I Will Wait
80%
Little Lion Man
80%
Rushmere
80%
The Wild
80%
White Blank Page
80%
Winter Winds
80%
Believe
70%
Dust Bowl Dance
70%
Guiding Light
70%
Roll Away Your Stone
70%
The Boxer
70%
The Wolf
70%
Thistle & Weeds
70%
Wilder Mind
70%
Delta 42
60%
After The Storm
60%
Caroline
60%
Prizefighter Here (with Chris Stapleton)
60%
Icarus (with Gigi Perez)
60%
I Gave You All
60%
Lover of the Light
60%
Rushmere Malibu
60%
October Skies
60%
Prizefighter
60%
Rubber Band Man (with Hozier)
60%
The Banjo Song
60%
Timshel
60%
Wilder Mind Tompkins Square Park
60%
Alleycat
50%
Awake My Soul
50%
Badlands (with Gracie Abrams)
50%
Beloved
50%
Broken Crown
50%
Carry On
50%
Conversation With My Son (Gangsters & Angels)
50%
Ditmas
50%
Holland Road
50%
Hopeless Wanderer
50%
Hot Gates
50%
Just Smoke
50%
Lovers' Eyes
50%
Reminder
50%
Run Together
50%
Where Are You Now
50%
Where It Belongs
50%
Whispers in the Dark
50%
Woman
50%
Begin Again
40%
Clover
40%
Cold Arms
40%
Forever
40%
(deluxe version) For Those Below
40%
Ghosts That We Knew
40%
Hold on to What You Believe
40%
If I Say
40%
I'll Tell You Everything
40%
Monochrome
40%
Monster
40%
Not with Haste
40%
Shadow of a Man
40%
Snake Eyes
40%
Below My Feet
30%
single Blind Leading the Blind
30%
Blood On The Page
30%
Delta Tour EP (just the ones not already listed) Blood (with Gang of Youths)
30%
Broad-Shouldered Beasts
30%
Live from Shephard's Bush Empire Feel the Tide
30%
Harvest
30%
Only Love
30%
Picture You
30%
Slip Away
30%
Stay
30%
Surrender
30%
Truth
30%
Anchor
20%
Darkness Visible
20%
Ngamila
20%
Si Tu Veux
20%
Johannesburg There Will Be Time
20%
Wild Heart
20%
Wona
20%
Fool You've Landed
10%
Good People
10%
Rose of Sharon
10%
With a Little Help from My Friends
10%
Anmol Rishtey
0%
Dharohar Project with Laura Marling Devil's Spoke / Sneh Ko Marg
0%
Hurt
0%
Mehendi Rachi
0%
To Darkness / Kripa
0%
No matching quizzes found
Score Distribution
Percent of People with Each Score
Percentile by Number Answered
Your Score History
You have not taken this quiz since the last reset